| 000 | 00405nam a22001697a 4500 | ||
|---|---|---|---|
| 005 | 20231005113443.0 | ||
| 008 | 230925b |||||||| |||| 00| 0 eng d | ||
| 082 |
_a332.1 _bSAE |
||
| 100 | _aSaeed Nasir | ||
| 245 | _aMoney, Banking and Finance | ||
| 260 |
_aPakistan _bKitab Markaz _c2011 |
||
| 300 | _a340 | ||
| 500 | _aInclude Index | ||
| 650 | _aEconomics | ||
| 700 | _aM.Saeed Nasir | ||
| 999 |
_c33686 _d33686 |
||